| 000 | 00864nam a22001937a 4500 | ||
|---|---|---|---|
| 003 | BD-DhUL | ||
| 005 | 20160920191046.0 | ||
| 008 | 160920b 1991b ||||| |||| 00| 0 ben d | ||
| 040 |
_cBD-DhUL _dBD-DhUL _dBD-DhUL |
||
| 082 |
_a954.925 _bJHE |
||
| 100 | 1 | _aআল-ফারুক,মীর্জা মোহাম্মদ | |
| 245 |
_aঝিনাইদহের ইতিহাস / _cমীর্জা মোহাম্মদ আল-ফারুক |
||
| 260 |
_aঢাকা : _bজেলা প্রশাসক, _c১৯৯১. |
||
| 300 |
_a৪০৪ পৃ. ; _c২২ সে.মি. |
||
| 504 | _aনির্ঘন্ট ও গ্রন্থপজ্ঞীগত ত্তথ্য সংবলিত | ||
| 650 | 0 | _vইতিহাস বাংলাদেশ | |
| 651 | _v Itihāsa bānlādēśa History of Bangladesh | ||
| 942 |
_2ddc _cBK |
||
| 999 |
_c105202 _d105202 |
||